[Volume of graphs etc.] (Record no. 114898)

MARC details
000 -LEADER
fixed length control field 00667cam a22001935a 4500
001 - CONTROL NUMBER
control field L157651
008 - FIXED-LENGTH DATA ELEMENTS--GENERAL INFORMATION
fixed length control field 130220s1878 xxk f 000 0 eng d
035 ## - SYSTEM CONTROL NUMBER
System control number (Sirsi) u157651
041 0# - LANGUAGE CODE
Language code of text/sound track or separate title eng
110 2# - MAIN ENTRY--CORPORATE NAME
Corporate name or jurisdiction name as entry element Stockton & Middlesbrough Water Works Company
9 (RLIN) 6122
245 01 - TITLE STATEMENT
Title [Volume of graphs etc.]
260 ## - PUBLICATION, DISTRIBUTION, ETC.
Place of publication, distribution, etc. [England
Name of publisher, distributor, etc. Stockton & Middlesbrough Water Works Company
Date of publication, distribution, etc. 1878]
300 ## - PHYSICAL DESCRIPTION
Extent 1 v.
Other physical details graphs and diagrams
Dimensions 54 cm.
520 ## - SUMMARY, ETC.
Summary, etc. Contains graphs showing such things as the rise in population served by the company.
583 ## - ACTION NOTE
Action Condition reviewed
Time/date of action 20120620
Status condition level 2
651 #4 - SUBJECT ADDED ENTRY--GEOGRAPHIC NAME
Geographic name England
Chronological subdivision 886-
690 ## - LOCAL SUBJECT ADDED ENTRY--TOPICAL TERM (OCLC, RLIN)
Topical term or geographic name as entry element Infrastructure
9 (RLIN) 6246
942 ## - ADDED ENTRY ELEMENTS (KOHA)
Suppress in OPAC 0
Holdings
Withdrawn status Lost status Source of classification or shelving scheme Damaged status Not for loan Home library Current library Shelving location Date acquired Total Checkouts Full call number Barcode Date last seen Copy number Price effective from Koha item type
    Dewey Decimal Classification     Historic collection Historic collection Historic collection 20/02/2013   FOLIO 1878 STOCKTON 30078129 06/08/2019 1 06/08/2019 Book